| 000 | 00520cam a22002051 4500 | ||
|---|---|---|---|
| 001 | 3114795 | ||
| 005 | 20180221073307.0 | ||
| 008 | 711012s1966 nyu b 000 0 eng | ||
| 010 | _a 66011086 | ||
| 040 |
_aDLC _cDLC _dDLC |
||
| 041 | _aeng | ||
| 080 | _a372.125 ANN | ||
| 082 | 0 | 0 | _a372.125 ANN |
| 100 | 1 | _a48 | |
| 101 | _aEDU | ||
| 245 | 1 | 0 | _aGrouping in the elementary school. |
| 504 | _a"Bibliographical essay": p. [113]-118. | ||
| 906 |
_a7 _bcbc _corignew _du _eocip _f19 _gy-gencatlg |
||
| 942 |
_2ddc _cBK |
||
| 999 |
_c43060 _d43060 |
||